Az üveggömbön túl, avagy nagyvállalatok budgeting- és forecasting megoldásai

Bibliográfiai részletek
Szerzők: Bakó Mónika
Németh Krisztina
Dokumentumtípus: Könyv része
Megjelent: Budapesti Gazdaságtudományi Egyetem Budapest 2025
Sorozat:Szemelvények a BGE kutatásaiból 2024
Tárgyszavak:
doi:10.29180/978-615-6886-21-7_1

Kulcsszavak:Forecasting
budgeting
kvantitatív módszerek
kvalitatív módszerek
Online Access:http://publikaciotar.uni-bge.hu/2564

MARC

LEADER 00000naa a2200000 i 4500
001 publ2564
005 20251125113048.0
008 251125s2025 hu o 000 zxx d
020 |a 978-615-6886-21-7 
024 |a 10.29180/978-615-6886-21-7_1  |2 doi 
040 |a BGE Publikációtár Repozitórium  |b hun 
100 1 |a Bakó Mónika 
245 1 3 |a Az üveggömbön túl, avagy nagyvállalatok budgeting- és forecasting megoldásai  |c Bakó Mónika  |h [elektronikus dokumentum] 
260 |a Budapesti Gazdaságtudományi Egyetem  |b Budapest  |c 2025 
300 |a 7-12 
490 0 |a Szemelvények a BGE kutatásaiból 2024 
520 3 |a Az előrejelzés múltbeli és jelenlegi adatokon alapuló, egy adott változó jövőbeli időpontban felvett értékére vonatkozó becslése, mely magában foglal idősoros, keresztmetszeti vagy longitudinális adatokra épülő formális statisztikai eljárásokat és informális metódusokat egyaránt (Sanders & Manrodt, 2003). Tanulmányunkban áttekintjük a népszerű kvantitatív és kvalitatív előrejelzési és kerettervezési módszereket, melyek a controlling szervezetek által alkalmazhatóak a vállalatok tudatos, jövőorientált működtetése, a vezetés reagálóképessége fenntartása és az erőforrások optimális allokációja érdekében. Az elméleti megközelítéseken túl egy nagyvállalatok körében lefolytatott kérdőíves felmérés eredményeit közöljük, rámutatva a leggyakrabban előforduló kvantitatív és kvalitatív előrejelzési technikákra. 
650 4 |a közgazdaságtudományok 
695 |a Forecasting 
695 |a budgeting 
695 |a kvantitatív módszerek 
695 |a kvalitatív módszerek 
700 1 |a Németh Krisztina  |e aut 
856 4 0 |u https://publikaciotar.uni-bge.hu/id/eprint/2564/1/BGE%20Szemelv%C3%A9nyek%202024%20III.%20k%C3%B6tet_1.pdf  |z Dokumentum-elérés